000
00239nam a2200097Ia 4500
008
120527s9999 xx 000 0 und d
100
_a
Cubson,R.W.et al.
245
_a
Crop Protection for resource-poor farmers
260
_b
NRI
942
_c
BK
999
_c
21199
_d
21199